Kiểm kê, đánh giá đa dạng thành phần loài động vật có sương sống và ảnh hưởng của cộng đồng tới nguồn tài nguyên động vật rừng vườn quốc gia Đông Phou Viêng, tỉnh Savannakhet, nước CHDCND Lào

Tổng quan tài liệu; Một số đặc điểm điều kiện tự nhiên, kinh tế - xã hội khu vực VQG ĐPV; Mục tiêu, đối tượng, nội dung và phương pháp nghiên cứu...

Đã lưu trong:
书目详细资料
主要作者: Phosithath Chanthalasy
其他作者: Lê Vũ Khôi GS.TS (Hướng dẫn)
格式: 图书
语言:Vietnamese
出版: Đà Nẵng Đại học Đà Nẵng 2008
主题:
标签: 添加标签
没有标签, 成为第一个标记此记录!
Thư viện lưu trữ: Mạng thư viện Đại học Đà Nẵng
LEADER 01453nam a2200325 4500
001 000010582
003 6788
005 20111215151210.0
008 111215s2008 viesd
041 |a vie 
072 |a Luận văn Thạc sĩ Khoa học 
082 |a 597.9  |b PH-C 
100 |a Phosithath Chanthalasy 
245 |a Kiểm kê, đánh giá đa dạng thành phần loài động vật có sương sống và ảnh hưởng của cộng đồng tới nguồn tài nguyên động vật rừng vườn quốc gia Đông Phou Viêng, tỉnh Savannakhet, nước CHDCND Lào  |c Phosithath Chanthalasy; Lê Vũ Khôi hướng dẫn 
260 |a Đà Nẵng  |b Đại học Đà Nẵng  |c 2008 
300 |a 81tr.  |c 29 cm 
500 |a Luận văn Thạc sĩ Khoa học. Chuyên ngành: Sinh thái học. Mã số: 60.42.60 
520 |a Tổng quan tài liệu; Một số đặc điểm điều kiện tự nhiên, kinh tế - xã hội khu vực VQG ĐPV; Mục tiêu, đối tượng, nội dung và phương pháp nghiên cứu... 
653 |a Sinh thái 
653 |a Luận văn Thạc sĩ Khoa học 
653 |a động vật có xương sống 
700 |a Lê Vũ Khôi  |c GS.TS  |e Hướng dẫn 
OWN |a LSP 
999 |a From the UDN01 
TYP |a Monograph 
TYP |a Printed language 
980 |a Mạng thư viện Đại học Đà Nẵng